Lonesome, cities

Sparad:
Bibliografiska uppgifter
Huvudupphovsman: Mckuen, Rod
Materialtyp: Bok
Språk:Undetermined
Publicerad: New York, Estados Unidos Ran-House 1968
Ämnen:
Taggar: Lägg till en tagg
Inga taggar, Lägg till första taggen!

MARC

LEADER 00000nam a2200000Ia 4500
008 170316s9999 xx 000 0 und d
040 |a cru BVZT 
090 |a 810 M-31L 
100 |a Mckuen, Rod 
245 |a Lonesome, cities 
260 |a New York, Estados Unidos 
260 |b Ran-House 
260 |c 1968 
300 |a 111 páginas 
650 |a LITERATURA ESTADOUNIDENSE 
999 |c 5909  |d 5909 
942 |c 15 D  |h 810 M-31L  |2 z